Southville International School and Colleges
Your cart is empty.
  • Cart
  • Lists
    Public lists Eva Luna New books Lux_list list_1
    Your lists Log in to create your own lists
  • Log in to your account
  • Your cookies
  • Search history
Southville International School and Colleges
  • Advanced search
  • Recent comments
  • Most popular
  • Libraries

Log in to your account

Log in with GOOGLE


If you do not have an external account, but do have a local account, you can still log in:

  1. Home
  2. MARC view: The differentiated school :
Normal view MARC view ISBD view

The differentiated school : (Record no. 12547)

[ view plain ]
MARC details
000 -LEADER
fixed length control field 01414cam a2200349 a 4500
001 - CONTROL NUMBER
control field 15181428
003 - CONTROL NUMBER IDENTIFIER
control field OSt
005 - DATE AND TIME OF LATEST TRANSACTION
control field 20160601130954.0
008 - FIXED-LENGTH DATA ELEMENTS--GENERAL INFORMATION
fixed length control field 080214s2008 vau b 001 0 eng
010 ## - LIBRARY OF CONGRESS CONTROL NUMBER
LC control number 2008006362
020 ## - INTERNATIONAL STANDARD BOOK NUMBER
International Standard Book Number 9781416606789 (pbk. : alk. paper)
040 ## - CATALOGING SOURCE
Original cataloging agency DLC
Transcribing agency DLC
Modifying agency DLC
043 ## - GEOGRAPHIC AREA CODE
Geographic area code n-us---
050 00 - LIBRARY OF CONGRESS CALL NUMBER
Classification number LB 1031
Item number .T652 2008
100 1# - MAIN ENTRY--PERSONAL NAME
Personal name Tomlinson, Carol A.
245 14 - TITLE STATEMENT
Title The differentiated school :
Remainder of title making revolutionary changes in teaching and learning /
Statement of responsibility, etc Carol Tomlinson, Kay Brimijoin [and] Lane Narvaez.
260 ## - PUBLICATION, DISTRIBUTION, ETC. (IMPRINT)
Place of publication, distribution, etc Alexandria, VA :
Name of publisher, distributor, etc Association for Supervision and Curriculum Development,
Date of publication, distribution, etc 2008.
300 ## - PHYSICAL DESCRIPTION
Extent 239 p. :
Dimensions 25 cm.
500 ## - GENERAL NOTE
General note Includes bibliographical references (p. 226-228) and index.
650 #0 - SUBJECT ADDED ENTRY--TOPICAL TERM
Topical term or geographic name as entry element Individualized instruction
Geographic subdivision United States.
650 #0 - SUBJECT ADDED ENTRY--TOPICAL TERM
Topical term or geographic name as entry element Individualized instruction
Geographic subdivision United States
Form subdivision Case studies.
650 #0 - SUBJECT ADDED ENTRY--TOPICAL TERM
Topical term or geographic name as entry element School improvement programs
Geographic subdivision United States.
650 #0 - SUBJECT ADDED ENTRY--TOPICAL TERM
Topical term or geographic name as entry element School improvement programs
Geographic subdivision United States
Form subdivision Case studies.
700 1# - ADDED ENTRY--PERSONAL NAME
Personal name Brimijoin, Kay,
Dates associated with a name 1945-
700 1# - ADDED ENTRY--PERSONAL NAME
Personal name Narvaez, Lane,
Dates associated with a name 1951-
856 41 - ELECTRONIC LOCATION AND ACCESS
Materials specified Table of contents only
Uniform Resource Identifier <a href="http://www.loc.gov/catdir/toc/fy0805/2008006362.html">http://www.loc.gov/catdir/toc/fy0805/2008006362.html</a>
906 ## - LOCAL DATA ELEMENT F, LDF (RLIN)
a 7
b cbc
c orignew
d 1
e ecip
f 20
g y-gencatlg
942 ## - ADDED ENTRY ELEMENTS (KOHA)
Source of classification or shelving scheme Library of Congress Classification
Koha item type Books
Holdings
Withdrawn status Lost status Source of classification or shelving scheme Damaged status Home library Current library Shelving location Date acquired Source of acquisition Total Checkouts Full call number Barcode Date last seen Copy number Price effective from Koha item type Cost, normal purchase price
    Library of Congress Classification   College Library College Library General Circulation Section 09/28/2011 Donation   LB 1031 .T652 2008 C13652 05/15/2018 2 10/18/2013 Books 2846.00
    Library of Congress Classification   Luxembourg Library Luxembourg Library Genevive Ledesma - Tan Section 10/01/2013 Donation   LB 1031 .T652 2008 17088 10/01/2013 1 10/01/2013 Books  

The differentiated school :

APA

Tomlinson C. A., Brimijoin K. & Narvaez L. (2008). The differentiated school. Alexandria, VA: Association for Supervision and Curriculum Development.

Chicago

Tomlinson Carol A, Brimijoin Kay and Narvaez Lane. 2008. The differentiated school. Alexandria, VA: Association for Supervision and Curriculum Development.

Harvard

Tomlinson C. A., Brimijoin K. and Narvaez L. (2008). The differentiated school. Alexandria, VA: Association for Supervision and Curriculum Development.

MLA

Tomlinson Carol A, Brimijoin Kay and Narvaez Lane. The differentiated school. Alexandria, VA: Association for Supervision and Curriculum Development. 2008.

  • Place hold
  • Print
  • Cite
  • Add to your cart (remove)
  • Save record
    BIBTEX Dublin Core MARCXML MARC (non-Unicode/MARC-8) MARC (Unicode/UTF-8) MARC (Unicode/UTF-8, Standard) MODS (XML) RIS
  • More searches
    Search for this title in:
    Other Libraries (WorldCat) Other Databases (Google Scholar) Online Stores (Bookfinder.com) Open Library (openlibrary.org)

Exporting to Dublin Core...

SOUTHVILLE LIBRARY

Southville International School and Colleges Library

1281 Tropical Ave. Cor. Luxembourg St., BF Homes International, Las Pinas City

Tel. No. 8256374 / 252358 Loc. 117/146

Powered by Koha